Loading...
| Religion | 0 | 7 | 1 | 0 | 65 | 12 | 99.29 | 1 | 2 |
| History - World History | 0 | 5 | 0 | 2 | 50 | 65 | 114.00 | 1 | 2 |
| Philosophy | 0 | 6 | 2 | 3 | 50 | 114 | 126.00 | 0 | 0 |
| Fine Arts - Other Fine Arts | 0 | 5 | 1 | 0 | 45 | 97 | 120.80 | 0 | 2 |
| Other Academic | 0 | 3 | 0 | 0 | 30 | 71 | 98.00 | 0 | 1 |
| History - American History | 0 | 4 | 3 | 2 | 25 | 79 | 119.25 | 0 | 1 |
| Social Science | 0 | 3 | 2 | 1 | 20 | 103 | 115.33 | 0 | 0 |
| Literature - American Literature | 0 | 2 | 0 | 0 | 20 | 74 | 103.50 | 1 | 1 |
| Current Events | 0 | 2 | 0 | 0 | 20 | 115 | 119.50 | 0 | 0 |
| History - Other History | 0 | 3 | 3 | 0 | 15 | 100 | 110.33 | 0 | 0 |
| Mythology | 0 | 1 | 0 | 0 | 10 | 137 | 137.00 | 0 | 0 |
| Geography | 0 | 1 | 1 | 0 | 5 | 56 | 56.00 | 0 | 1 |
| Literature - World Literature | 0 | 0 | 0 | 0 | 0 | 0.00 | 0 | 0 | |
| Science - Other Science | 0 | 0 | 0 | 0 | 0 | 0.00 | 0 | 0 | |
| Fine Arts - Painting & Sculpture | 0 | 1 | 3 | 0 | -5 | 126 | 126.00 | 0 | 0 |
| History - European History | 0 | 0 | 3 | 0 | -15 | 0.00 | 0 | 0 |